Biblioteca

Renunciar a todo : (Registro nro. 65199)

Detalles MARC
000 -LÍDER
Campo fijo de descripción fija 01462nam a2200349 i 4500
001 - NÚMERO DE CONTROL
Campo de control 768714001
003 - IDENTIFICADOR DEL NÚMERO DE CONTROL
Campo de control CO-MdFUSB
005 - FECHA Y HORA DE LA ULTIMA TRANSACCIÓN
control field 20190917144450.0
008 - ELEMENTOS DE LONGITUD FIJA -- INFORMACIÓN GENERAL
Campo fijo de descripción fija -- Información general 190909b2019 pe |||| |||| 00| 0 spa d
020 ## - NÚMERO INTERNACIONAL NORMALIZADO PARA LIBROS
Número Internacional Normalizado del libro 9786124252310
040 ## - FUENTE DE CATALOGACIÓN
Agencia de catalogación original CO-MdFUSB
Idioma de catalogación spa
Agencia que realiza la transcripción CO-MdFUSB
Agencia que realiza la modificación CO-MdFUSBC
Convenciones de la descripción rda
041 ## - CÓDIGO DE IDIOMA
Código de idioma para texto/pista de sonido o título separado spa
Código de idioma original eng
082 ## - NÚMERO DE CLASIFICACIÓN DECIMAL DEWEY
Número de la edición del Dewey 23
Número de clasificación 226.406
Clave de autor-Numero de item H425
100 1# - ASIENTO PRINCIPAL--NOMBRE PERSONAL
Nombre personal Hays, Christopher M.,
Fechas asociadas con el nombre 1983-
Término relacionador autor
240 ## - TITULO UNIFORME
Título uniforme <a href="Renouncing everything : money and discipleship in Luke.">Renouncing everything : money and discipleship in Luke.</a>
245 1# - TÍTULO
Título del Material Renunciar a todo :
Parte restante del título - Subtitulo El dinero y el discipulado en Lucas.
Mención de responsabilidad, etc. / Christopher M. Hays ; traducido por Russell Wm. Hultgren y Guillermo Mejía Castillo.
264 #1 - PRODUCCIÓN, PUBLICACIÓN, DISTRIBUCIÓN, MANUFACTURA, Y COPYRIGHT
Lugar de producción, publicación, distribución, manufactura Lima, Perú :
Nombre del productor, publicador, distribuidor Ediciones Puma,
Fecha de producción, publicación, distribución, manufactura, o copyright [2019]
264 #4 - PRODUCCIÓN, PUBLICACIÓN, DISTRIBUCIÓN, MANUFACTURA, Y COPYRIGHT
Fecha de producción, publicación, distribución, manufactura, o copyright © 2019
300 ## - DESCRIPCIÓN FÍSICA
Extensión 140 páginas
Dimensiones ; 23 cm
336 ## - TIPO DE CONTENIDO
Fuente rdacontent
Término de tipo de contenido texto
Código de tipo de contenido txt
337 ## - TIPO DE MEDIO
Fuente rdamedia
Nombre del tipo de medio sin mediación
Código del tipo de medio n
338 ## - TIPO DE SOPORTE
Fuente rdacarrier
Nombre del tipo de soporte volumen
Código Tipo de soporte nc
504 ## - NOTA DE BIBLIOGRAFÍA, ETC.
Nota de bibliografía, etc Incluye referencias bibliográficas (páginas 131-134)
505 ## - NOTA DE CONTENIDO
Nota de contenido con formato preestablecido Los problemas. -- Acercándonos a una explicación. -- Compromiso total con Dios. -- Modelos de discipulado en Lucas. -- Modelos de discipulado en Hechos. -- ¿Por qué renunciar a todo?. -- Guía para el discípulo contemporáneo.
563 ## - NOTA DE ENCUADERNACIÓN
Nota de encuadernación Rústico.
630 #7 - TITULO UNIFORME
Título uniforme Biblia.
Subdivisión de forma Lucas
Subdivisión de materia general Crítica, interpretación, etc.
650 #0 - ASIENTO SECUNDARIO DE MATERIA - TERMINO TEMÁTICO
9 (RLIN) 16
Término temático o nombre geográfico como elemento de entrada Biblia
700 ## - ASIENTO SECUNDARIO - NOMBRE PERSONAL
9 (RLIN) 2380
Nombre personal Hultgren, Russell Wm.
Responsabilidad traductor
700 ## - ASIENTO SECUNDARIO - NOMBRE PERSONAL
9 (RLIN) 2381
Nombre personal Mejía Castillo, Guillermo.
Responsabilidad traductor
942 ## - TIPO DE MATERIAL (KOHA)
Tipo de Item KOHA Libros General
945 ## - INFORMACIÓN LOCAL DEL REGISTRO
Catalogador JTF-925
Existencias
Estado de Material Estado de Perdido Forma de Clasificación Estado de Dañado No para Préstamo Colección Biblioteca de Origen Biblioteca Permanente Fecha de Adquisición Área Total de Préstamos Total de Renovaciones Signatura Topográfica Código de Barras Última vez visto Última vez Préstado Ejemplar/Existencia Fecha de Remplazo Tipo de Material
    Dewey Decimal Classification     Colección General Biblioteca FUSBC Biblioteca FUSBC 09/09/2019 BIBLIA 20 18 G 226.406 H425re 13113 19/11/2025 25/08/2025 Ej. 1 09/09/2019 Libros General
    Dewey Decimal Classification     Colección General Biblioteca FUSBC Biblioteca FUSBC 09/09/2019 BIBLIA 4   G 226.406 H425re 13115 14/05/2025 27/09/2023 Ej. 2 09/09/2019 Libros Patrimoniales

Biblioteca FUSBC | Teléfono: (57+4) 349 88 10 Ext. 141| WhatsApp (+57) 3005338115 
E-mail: biblioteca@unisbc.edu.co | Calle 76 87-14 Robledo Palenque, Medellín, Colombia

Con tecnología Koha